[Event "Top 12 Feminin Groupe B"]
[Site "Juvisy sur Orge"]
[Date "2018.05.06"]
[Round "2.6"]
[White "Maisuradze, Nino"]
[Black "Guichard, Pauline"]
[Result "1/2-1/2"]
[WhiteElo "2172"]
[BlackElo "2303"]
[PlyCount "89"]
[EventDate "2018.05.06"]

1. d4 {[%clk 1:30:58]} d6 {[%clk 1:30:56]} 2. e4 {[%clk 1:31:19]} g6
{[%clk 1:31:13]} 3. Nc3 {[%clk 1:31:31]} Bg7 {[%clk 1:31:35]} 4. Be3
{[%clk 1:31:56]} a6 {[%clk 1:31:54]} 5. Qd2 {[%clk 1:31:35]} b5 {[%clk 1:32:09]}
6. h4 {[%clk 1:29:39]} h5 {[%clk 1:31:07]} 7. Nh3 {[%clk 1:26:20]} Bxh3
{[%clk 1:31:19]} 8. Rxh3 {[%clk 1:25:41]} Nd7 {[%clk 1:30:26]} 9. O-O-O
{[%clk 1:21:54]} Ngf6 {[%clk 1:30:22]} 10. f3 {[%clk 1:20:43]} Rc8
{[%clk 1:25:42]} 11. Kb1 {[%clk 1:15:26]} c5 {[%clk 1:12:19]} 12. dxc5
{[%clk 1:06:34]} dxc5 {[%clk 1:12:11]} 13. Bf4 {[%clk 0:25:02]} e5
{[%clk 0:49:09]} 14. Bg5 {[%clk 0:25:28]} Qc7 {[%clk 0:46:01]} 15. Nd5
{[%clk 0:08:48]} Nxd5 {[%clk 0:42:30]} 16. Qxd5 {[%clk 0:09:16]} Nb6
{[%clk 0:38:37]} 17. Qd6 {[%clk 0:09:31]} Qxd6 {[%clk 0:38:47]} 18. Rxd6
{[%clk 0:10:00]} Rb8 {[%clk 0:39:10]} 19. Rc6 {[%clk 0:06:50]} Bf8
{[%clk 0:15:50]} 20. Bf6 {[%clk 0:07:14]} Rg8 {[%clk 0:16:11]} 21. Bxe5
{[%clk 0:07:27]} Rd8 {[%clk 0:14:33]} 22. Bd3 {[%clk 0:06:49]} Nd7
{[%clk 0:12:52]} 23. Bf4 {[%clk 0:06:48]} c4 {[%clk 0:10:38]} 24. Be2
{[%clk 0:07:17]} Ra8 {[%clk 0:10:35]} 25. Rh1 {[%clk 0:07:27]} Nc5
{[%clk 0:10:06]} 26. Rd1 {[%clk 0:05:27]} Ne6 {[%clk 0:10:29]} 27. Be3
{[%clk 0:04:18]} Be7 {[%clk 0:10:47]} 28. g3 {[%clk 0:04:16]} g5 {[%clk 0:09:37]}
29. hxg5 {[%clk 0:04:43]} Nxg5 {[%clk 0:07:23]} 30. Rh6 {[%clk 0:04:40]} Ne6
{[%clk 0:06:33]} 31. Rg1 {[%clk 0:03:08]} h4 {[%clk 0:01:43]} 32. gxh4
{[%clk 0:03:22]} Rxg1+ {[%clk 0:02:05]} 33. Bxg1 {[%clk 0:03:51]} Kd7
{[%clk 0:02:10]} 34. Be3 {[%clk 0:04:35]} Rg8 {[%clk 0:02:34]} 35. Kc1
{[%clk 0:03:57]} Rg2 {[%clk 0:02:42]} 36. Kd1 {[%clk 0:02:34]} Rh2
{[%clk 0:02:16]} 37. h5 {[%clk 0:01:14]} Bh4 {[%clk 0:01:22]} 38. c3
{[%clk 0:00:44]} Rh1+ {[%clk 0:01:24]} 39. Kc2 {[%clk 0:00:48]} Re1
{[%clk 0:00:50]} 40. Kd2 {[%clk 0:01:13]} Rb1 {[%clk 0:01:13]} 41. Kc2
{[%clk 0:01:25]} Re1 {[%clk 0:01:39]} 42. Kd2 {[%clk 0:01:53]} Rb1
{[%clk 0:02:04]} 43. Kc2 {[%clk 0:00:35]} Re1 {[%clk 0:02:24]} 44. Kd2
{[%clk 0:00:58]} Rb1 {[%clk 0:02:45]} 45. Kc2 {[%clk 0:00:39]} 1/2-1/2

[Event "Top 12 Feminin Groupe B"]
[Site "Juvisy sur Orge"]
[Date "2018.05.06"]
[Round "2.7"]
[White "Hamdouchi, Adina"]
[Black "Bellahcene, Meriem"]
[Result "1-0"]
[WhiteElo "2218"]
[BlackElo "1895"]
[PlyCount "63"]
[EventDate "2018.05.06"]



1. d4 d5 {[%clk 1:30:52]} 2. Nf3 {[%clk 1:31:09]} Nf6 {[%clk 1:30:21]} 3. Bf4
{[%clk 1:31:04]} c6 4. e3 {[%clk 1:30:25]} e6 {[%clk 1:29:30]} 5. Bd3
{[%clk 1:27:29]} Be7 {[%clk 1:27:59]} 6. Nbd2 {[%clk 1:24:34]} O-O
{[%clk 1:18:28]} 7. h3 {[%clk 1:21:25]} c5 {[%clk 1:12:46]} 8. c3
{[%clk 1:21:12]} Nfd7 {[%clk 0:52:35]} 9. Qc2 {[%clk 1:13:31]} g6
{[%clk 0:39:01]} 10. g4 {[%clk 1:08:19]} Kg7 {[%clk 0:28:38]} 11. h4
{[%clk 1:06:48]} c4 {[%clk 0:24:26]} 12. Be2 {[%clk 1:06:55]} h6 {[%clk 0:23:44]}
13. g5 {[%clk 1:03:57]} h5 {[%clk 0:21:07]} 14. Nf1 {[%clk 1:01:21]} Nc6
{[%clk 0:17:21]} 15. Ng3 {[%clk 0:59:26]} Rh8 {[%clk 0:17:14]} 16. b3
{[%clk 0:50:13]} b5 {[%clk 0:16:11]} 17. O-O {[%clk 0:47:20]} a5 {[%clk 0:15:16]}
18. a4 {[%clk 0:37:17]} cxb3 {[%clk 0:13:51]} 19. Qxb3 {[%clk 0:37:37]} b4
{[%clk 0:13:24]} 20. Bb5 {[%clk 0:34:11]} Bb7 {[%clk 0:12:47]} 21. cxb4
{[%clk 0:33:22]} axb4 {[%clk 0:11:26]} 22. Rfc1 {[%clk 0:26:51]} Na5
{[%clk 0:10:23]} 23. Qd1 {[%clk 0:26:25]} Rc8 {[%clk 0:09:08]} 24. Bxd7
{[%clk 0:22:54]} Qxd7 {[%clk 0:09:34]} 25. Be5+ {[%clk 0:23:18]} f6
{[%clk 0:09:45]} 26. gxf6+ {[%clk 0:23:43]} Bxf6 {[%clk 0:10:08]} 27. Bxf6+
{[%clk 0:24:01]} Kxf6 {[%clk 0:10:33]} 28. Ne5 {[%clk 0:24:09]} Qe7
{[%clk 0:09:08]} 29. Rxc8 {[%clk 0:20:51]} Rxc8 {[%clk 0:08:42]} 30. Qf3+
{[%clk 0:18:27]} Kg7 {[%clk 0:09:06]} 31. Nxh5+ {[%clk 0:18:39]} gxh5
{[%clk 0:03:10]} 32. Qg3+ 1-0

[Event "Top 12 Feminin Groupe B"]
[Site "Juvisy sur Orge"]
[Date "2018.05.06"]
[Round "2.8"]
[White "Fischer, Julie"]
[Black "Afraoui, Anaelle"]
[Result "0-1"]
[WhiteElo "1983"]
[BlackElo "2064"]
[PlyCount "106"]
[EventDate "2018.05.06"]



1. c4 {[%clk 1:26:21]} e5 {[%clk 1:29:01]} 2. Nc3 {[%clk 1:26:33]} Nc6
{[%clk 1:29:13]} 3. g3 {[%clk 1:26:15]} g6 {[%clk 1:28:59]} 4. Bg2
{[%clk 1:26:25]} d6 {[%clk 1:28:39]} 5. e3 {[%clk 1:24:15]} Bg7 {[%clk 1:28:46]}
6. Nge2 {[%clk 1:24:38]} Be6 {[%clk 1:25:41]} 7. d4 {[%clk 1:09:37]} Bxc4
{[%clk 1:10:57]} 8. d5 {[%clk 1:08:39]} Bxe2 {[%clk 1:06:51]} 9. Qxe2
{[%clk 0:58:38]} Nb8 {[%clk 0:57:34]} 10. Qb5+ {[%clk 0:56:50]} Nd7
{[%clk 0:57:40]} 11. Qxb7 {[%clk 0:56:42]} a6 {[%clk 0:37:18]} 12. Na4
{[%clk 0:49:21]} f5 {[%clk 0:30:23]} 13. e4 {[%clk 0:41:01]} Ne7 {[%clk 0:25:55]}
14. Bd2 {[%clk 0:37:03]} O-O {[%clk 0:23:02]} 15. Rc1 {[%clk 0:36:09]} Rc8
{[%clk 0:21:43]} 16. O-O {[%clk 0:33:32]} fxe4 {[%clk 0:19:00]} 17. Ba5
{[%clk 0:31:04]} Nf5 {[%clk 0:14:26]} 18. Bxe4 {[%clk 0:26:51]} Nd4
{[%clk 0:14:05]} 19. Rxc7 {[%clk 0:25:54]} Rxc7 {[%clk 0:11:45]} 20. Bxc7
{[%clk 0:23:50]} Qc8 {[%clk 0:11:22]} 21. Qxc8 {[%clk 0:24:04]} Rxc8
{[%clk 0:11:48]} 22. Bxd6 {[%clk 0:24:14]} Nb5 {[%clk 0:12:09]} 23. Be7
{[%clk 0:10:12]} Rc4 {[%clk 0:11:46]} 24. Bd3 {[%clk 0:09:51]} Rxa4
{[%clk 0:11:41]} 25. Rc1 {[%clk 0:10:08]} Rd4 {[%clk 0:10:51]} 26. Bc4
{[%clk 0:10:34]} Bf6 {[%clk 0:09:01]} 27. Bxf6 {[%clk 0:06:21]} Nxf6
{[%clk 0:08:54]} 28. a4 {[%clk 0:06:49]} Nd6 {[%clk 0:07:29]} 29. Bxa6
{[%clk 0:06:16]} Rxa4 {[%clk 0:06:17]} 30. Rc6 {[%clk 0:06:44]} Nfe8
{[%clk 0:06:11]} 31. Kf1 {[%clk 0:05:09]} Rb4 {[%clk 0:05:58]} 32. Rc2
{[%clk 0:04:57]} Rd4 {[%clk 0:06:09]} 33. Ke2 {[%clk 0:03:38]} Rxd5
{[%clk 0:06:13]} 34. f4 {[%clk 0:02:17]} e4 {[%clk 0:03:50]} 35. b4
{[%clk 0:02:13]} Kf7 {[%clk 0:03:33]} 36. Ke3 {[%clk 0:02:04]} Ke7
{[%clk 0:03:24]} 37. g4 {[%clk 0:01:30]} Nf6 {[%clk 0:03:19]} 38. h3
{[%clk 0:01:42]} Nb5 {[%clk 0:03:03]} 39. g5 {[%clk 0:01:49]} Nd7
{[%clk 0:02:49]} 40. Bxb5 {[%clk 0:01:16]} Rxb5 {[%clk 0:03:11]} 41. Rc4
{[%clk 0:01:45]} Nb6 {[%clk 0:02:01]} 42. Rxe4+ {[%clk 0:02:12]} Kd6
{[%clk 0:01:55]} 43. Rd4+ {[%clk 0:02:14]} Nd5+ {[%clk 0:01:55]} 44. Ke4
{[%clk 0:01:14]} Ke6 {[%clk 0:02:04]} 45. Kf3 {[%clk 0:00:33]} Rxb4
{[%clk 0:02:11]} 46. Rxb4 {[%clk 0:00:34]} Nxb4 {[%clk 0:02:35]} 47. Ke4
{[%clk 0:01:01]} Nd5 {[%clk 0:02:50]} 48. h4 {[%clk 0:01:28]} Ne7
{[%clk 0:02:10]} 49. h5 {[%clk 0:01:49]} gxh5 {[%clk 0:01:45]} 50. f5+
{[%clk 0:01:16]} Nxf5 {[%clk 0:02:02]} 51. Kf4 {[%clk 0:01:44]} Ne7
{[%clk 0:01:54]} 52. Ke4 {[%clk 0:01:49]} Ng6 {[%clk 0:02:18]} 53. Ke5+ Kxe5
 0-1

[Event "Top 12 Feminin Groupe B"]
[Site "Juvisy sur Orge"]
[Date "2018.05.06"]
[Round "3.1"]
[White "Genova, Lyubka"]
[Black "L'Ami, Alina"]
[Result "0-1"]
[WhiteElo "2195"]
[BlackElo "2297"]
[PlyCount "52"]
[EventDate "2018.05.06"]

1. e4 {[%clk 1:30:57]} c5 {[%clk 1:30:55]} 2. Nf3 {[%clk 1:31:22]} d6
{[%clk 1:31:18]} 3. Bb5+ {[%clk 1:31:42]} Bd7 {[%clk 1:31:40]} 4. Bxd7+
{[%clk 1:32:05]} Nxd7 {[%clk 1:32:06]} 5. d4 {[%clk 1:29:37]} cxd4
{[%clk 1:29:14]} 6. Qxd4 {[%clk 1:29:08]} Ngf6 {[%clk 1:29:00]} 7. Nc3
{[%clk 1:27:15]} g6 {[%clk 1:26:35]} 8. O-O {[%clk 1:17:33]} Bg7 {[%clk 1:26:47]}
9. Bg5 {[%clk 1:17:41]} O-O {[%clk 1:19:49]} 10. Qd2 {[%clk 1:17:27]} Re8
{[%clk 1:14:34]} 11. Rfe1 {[%clk 1:15:10]} Rc8 {[%clk 1:07:41]} 12. Rab1
{[%clk 0:44:58]} Qa5 {[%clk 0:58:46]} 13. Qe2 {[%clk 0:40:09]} a6
{[%clk 0:55:56]} 14. a4 {[%clk 0:37:49]} Qc7 {[%clk 0:49:20]} 15. Nd2
{[%clk 0:32:47]} Nb6 {[%clk 0:45:17]} 16. f4 {[%clk 0:13:01]} Nfd7
{[%clk 0:40:39]} 17. a5 {[%clk 0:09:53]} Bxc3 {[%clk 0:39:32]} 18. bxc3
{[%clk 0:09:05]} Na4 {[%clk 0:31:38]} 19. Rb3 {[%clk 0:07:03]} Nxc3
{[%clk 0:30:45]} 20. Qf3 {[%clk 0:07:21]} Nb5 {[%clk 0:26:54]} 21. Rb2
{[%clk 0:06:03]} Qxa5 {[%clk 0:24:23]} 22. c4 {[%clk 0:06:08]} Rxc4
{[%clk 0:21:00]} 23. e5 {[%clk 0:05:16]} Rb4 {[%clk 0:14:56]} 24. Reb1
{[%clk 0:02:46]} Rxb2 {[%clk 0:14:57]} 25. Rxb2 {[%clk 0:03:15]} Qa1+
{[%clk 0:15:04]} 26. Rb1 {[%clk 0:03:43]} Qd4+ {[%clk 0:15:07]} 0-1

[Event "Top 12 Feminin Groupe B"]
[Site "Juvisy sur Orge"]
[Date "2018.05.06"]
[Round "3.2"]
[White "Guichard, Pauline"]
[Black "Bismuth, Lea"]
[Result "1-0"]
[WhiteElo "2303"]
[BlackElo "1937"]
[PlyCount "103"]
[EventDate "2018.05.06"]



1. c4 {[%clk 1:30:55]} Nf6 {[%clk 1:29:33]} 2. g3 {[%clk 1:30:56]} g6
{[%clk 1:29:49]} 3. Bg2 {[%clk 1:31:14]} Bg7 {[%clk 1:30:17]} 4. Nc3
{[%clk 1:31:31]} O-O {[%clk 1:30:11]} 5. e4 {[%clk 1:31:36]} d6 {[%clk 1:30:26]}
6. Nge2 {[%clk 1:31:36]} c6 {[%clk 1:30:15]} 7. O-O {[%clk 1:30:49]} Na6
{[%clk 1:29:48]} 8. d4 {[%clk 1:28:27]} Qa5 {[%clk 1:26:59]} 9. h3
{[%clk 1:25:25]} Rb8 {[%clk 1:13:06]} 10. Bd2 {[%clk 1:12:40]} Qd8
{[%clk 1:00:42]} 11. a4 c5 12. d5 {[%clk 1:09:44]} Nb4 {[%clk 0:59:49]} 13. Na2
{[%clk 1:05:48]} a5 {[%clk 0:57:43]} 14. Nac3 {[%clk 1:04:15]} Nd7
{[%clk 0:57:47]} 15. Qb3 {[%clk 1:03:48]} Nb6 {[%clk 0:52:40]} 16. Nd1
{[%clk 0:52:30]} Bd7 {[%clk 0:46:48]} 17. Bc3 {[%clk 0:52:23]} e5
{[%clk 0:45:14]} 18. Bd2 {[%clk 0:51:50]} f5 {[%clk 0:44:48]} 19. Ndc3
{[%clk 0:50:43]} Rf7 {[%clk 0:38:53]} 20. Nb5 {[%clk 0:48:10]} Qe7
{[%clk 0:36:33]} 21. exf5 {[%clk 0:42:29]} Bxf5 {[%clk 0:34:42]} 22. Bxb4
{[%clk 0:41:34]} cxb4 {[%clk 0:34:00]} 23. g4 {[%clk 0:41:45]} Bc8
{[%clk 0:33:21]} 24. Qe3 {[%clk 0:36:56]} Nd7 {[%clk 0:31:44]} 25. Qa7
{[%clk 0:34:45]} b6 {[%clk 0:31:02]} 26. Qc7 {[%clk 0:33:13]} Bf8
{[%clk 0:30:43]} 27. Ng3 {[%clk 0:20:35]} Ba6 {[%clk 0:11:05]} 28. Ne4
{[%clk 0:20:52]} Bxb5 {[%clk 0:08:19]} 29. cxb5 {[%clk 0:19:30]} Qd8
{[%clk 0:08:05]} 30. Qc1 {[%clk 0:14:13]} Nc5 {[%clk 0:07:20]} 31. Qe3
{[%clk 0:14:27]} Rf4 {[%clk 0:07:12]} 32. Nxc5 {[%clk 0:13:38]} bxc5
{[%clk 0:07:01]} 33. b3 {[%clk 0:13:42]} Bh6 {[%clk 0:07:16]} 34. Qe2
{[%clk 0:13:02]} Qf6 {[%clk 0:06:24]} 35. Rac1 {[%clk 0:13:00]} Rd4
{[%clk 0:03:43]} 36. Rc4 {[%clk 0:13:00]} Rd2 {[%clk 0:03:54]} 37. Qe1
{[%clk 0:11:27]} Rf8 {[%clk 0:03:11]} 38. Rc1 {[%clk 0:04:12]} Bg5
{[%clk 0:01:50]} 39. Rd1 {[%clk 0:03:20]} Rc2 {[%clk 0:01:30]} 40. Rd3
{[%clk 0:01:50]} Rc1 {[%clk 0:01:00]} 41. Qe2 {[%clk 0:01:42]} Qf4
{[%clk 0:00:57]} 42. Rf3 {[%clk 0:01:21]} Rxf1+ {[%clk 0:00:58]} 43. Qxf1
{[%clk 0:01:40]} Qd4 {[%clk 0:01:06]} 44. Rxf8+ {[%clk 0:01:53]} Kxf8
{[%clk 0:01:35]} 45. b6 {[%clk 0:02:03]} Bd8 {[%clk 0:01:44]} 46. b7
{[%clk 0:01:05]} Bc7 {[%clk 0:02:03]} 47. Qb5 {[%clk 0:01:17]} c4
{[%clk 0:00:39]} 48. b8=Q+ {[%clk 0:01:01]} Bxb8 {[%clk 0:01:05]} 49. Qxb8+
{[%clk 0:01:27]} Ke7 {[%clk 0:01:31]} 50. Qc7+ {[%clk 0:01:47]} Ke8
{[%clk 0:01:38]} 51. Qxc4 {[%clk 0:01:43]} Qd1+ {[%clk 0:01:09]} 52. Bf1
{[%clk 0:01:44]} 1-0

[Event "Top 12 Feminin Groupe B"]
[Site "Juvisy sur Orge"]
[Date "2018.05.06"]
[Round "3.3"]
[White "Fortuit, Emilie"]
[Black "Hamdouchi, Adina"]
[Result "1/2-1/2"]
[WhiteElo "1950"]
[BlackElo "2218"]
[PlyCount "95"]
[EventDate "2018.05.06"]

1. e4 {[%clk 1:30:57]} g6 {[%clk 1:30:54]} 2. Bc4 {[%clk 1:29:58]} Bg7
{[%clk 1:31:18]} 3. Nf3 {[%clk 1:29:05]} d6 {[%clk 1:30:40]} 4. O-O
{[%clk 1:25:27]} e6 {[%clk 1:30:14]} 5. Nc3 {[%clk 1:22:24]} Ne7 {[%clk 1:30:33]}
6. Re1 {[%clk 1:17:51]} a6 {[%clk 1:29:57]} 7. a4 {[%clk 1:15:01]} b6
{[%clk 1:29:37]} 8. Qe2 {[%clk 1:13:38]} Nd7 {[%clk 1:26:10]} 9. d4
{[%clk 1:11:23]} O-O {[%clk 1:24:25]} 10. Ng5 {[%clk 1:08:06]} h6
{[%clk 1:21:13]} 11. Nxf7 {[%clk 1:00:59]} Rxf7 {[%clk 1:08:16]} 12. Bxe6
{[%clk 1:01:06]} Nf8 {[%clk 1:07:24]} 13. Bxf7+ {[%clk 1:00:36]} Kxf7
{[%clk 1:07:48]} 14. e5 {[%clk 0:57:30]} d5 {[%clk 1:07:28]} 15. Qf3+
{[%clk 0:53:37]} Kg8 {[%clk 1:07:13]} 16. Ne2 {[%clk 0:52:07]} Bf5
{[%clk 1:01:27]} 17. g4 {[%clk 0:46:30]} Bxc2 {[%clk 0:59:22]} 18. Qc3
{[%clk 0:45:56]} Bxa4 {[%clk 0:55:10]} 19. Rxa4 {[%clk 0:44:44]} Qd7
{[%clk 0:55:26]} 20. Ra3 {[%clk 0:43:42]} Qxg4+ {[%clk 0:55:38]} 21. Qg3
{[%clk 0:43:29]} Qxg3+ {[%clk 0:48:07]} 22. hxg3 {[%clk 0:37:18]} Ne6
{[%clk 0:45:13]} 23. b4 {[%clk 0:30:59]} Re8 {[%clk 0:38:46]} 24. Bd2
{[%clk 0:25:44]} Nc6 {[%clk 0:36:57]} 25. Bc3 {[%clk 0:24:58]} Bf8
{[%clk 0:36:34]} 26. Rb3 {[%clk 0:22:30]} a5 {[%clk 0:29:46]} 27. bxa5
{[%clk 0:20:43]} bxa5 {[%clk 0:27:05]} 28. Rb5 {[%clk 0:17:43]} Rd8
{[%clk 0:26:37]} 29. Ra1 {[%clk 0:16:23]} Rd7 {[%clk 0:18:35]} 30. Ra4
{[%clk 0:15:19]} Bb4 {[%clk 0:17:25]} 31. Bxb4 {[%clk 0:14:05]} axb4
{[%clk 0:17:45]} 32. Ra6 {[%clk 0:11:44]} Ncxd4 {[%clk 0:15:14]} 33. Nxd4
{[%clk 0:11:33]} Nxd4 {[%clk 0:15:40]} 34. e6 {[%clk 0:07:40]} Re7
{[%clk 0:15:54]} 35. Rxd5 {[%clk 0:06:31]} Nxe6 {[%clk 0:16:13]} 36. Rb5
{[%clk 0:04:51]} c5 {[%clk 0:15:45]} 37. Rc6 {[%clk 0:05:01]} Kf7
{[%clk 0:15:46]} 38. Rbb6 {[%clk 0:05:01]} h5 {[%clk 0:14:06]} 39. f4
{[%clk 0:04:47]} Re8 {[%clk 0:11:51]} 40. Kf2 {[%clk 0:03:53]} Re7
{[%clk 0:11:52]} 41. Kg2 {[%clk 0:03:44]} Re8 {[%clk 0:11:03]} 42. Kh3
{[%clk 0:04:00]} Re7 {[%clk 0:10:56]} 43. Kh4 {[%clk 0:04:08]} Re8
{[%clk 0:11:01]} 44. g4 {[%clk 0:04:00]} hxg4 {[%clk 0:11:00]} 45. Kxg4
{[%clk 0:04:23]} Re7 {[%clk 0:11:03]} 46. Rc8 {[%clk 0:03:01]} Rd7
{[%clk 0:07:52]} 47. Rcc6 {[%clk 0:03:01]} Re7 {[%clk 0:08:15]} 48. Rc8
{[%clk 0:02:39]} 1/2-1/2

[Event "Top 12 Feminin Groupe B"]
[Site "Juvisy sur Orge"]
[Date "2018.05.06"]
[Round "3.4"]
[White "Afraoui, Anaelle"]
[Black "Boutant, Jade"]
[Result "1-0"]
[WhiteElo "2064"]
[BlackElo "1718"]
[PlyCount "94"]
[EventDate "2018.05.06"]



1. e4 {[%clk 1:30:59]} c6 {[%clk 1:28:31]} 2. d4 {[%clk 1:31:08]} d5
{[%clk 1:28:41]} 3. Nc3 {[%clk 1:31:29]} dxe4 {[%clk 1:28:02]} 4. Nxe4
{[%clk 1:30:25]} Bf5 {[%clk 1:27:32]} 5. Ng3 {[%clk 1:30:40]} Bg6
{[%clk 1:27:52]} 6. Nf3 {[%clk 1:29:06]} Nf6 {[%clk 1:24:03]} 7. Ne5
{[%clk 1:26:17]} Nbd7 {[%clk 1:22:00]} 8. Nxg6 {[%clk 1:15:10]} hxg6
{[%clk 1:22:07]} 9. c4 {[%clk 1:11:44]} e6 {[%clk 1:10:56]} 10. a3
{[%clk 1:05:14]} Bd6 {[%clk 1:09:19]} 11. Bd3 {[%clk 1:03:33]} Qc7
{[%clk 0:55:34]} 12. Qf3 {[%clk 1:01:40]} c5 {[%clk 0:49:11]} 13. dxc5
{[%clk 0:48:59]} Nxc5 {[%clk 0:46:00]} 14. Bc2 {[%clk 0:48:55]} Be5
{[%clk 0:31:51]} 15. Rb1 {[%clk 0:47:09]} Rh4 {[%clk 0:22:16]} 16. b3
{[%clk 0:41:47]} Bf4 {[%clk 0:15:01]} 17. O-O {[%clk 0:32:58]} Bxc1
{[%clk 0:13:17]} 18. Rfxc1 {[%clk 0:31:41]} Qf4 {[%clk 0:10:01]} 19. Qxf4
{[%clk 0:28:56]} Rxf4 {[%clk 0:10:22]} 20. Ne2 {[%clk 0:29:21]} Rh4
{[%clk 0:10:11]} 21. g3 {[%clk 0:29:16]} Rh8 {[%clk 0:06:18]} 22. f3
{[%clk 0:24:48]} Ke7 {[%clk 0:06:39]} 23. b4 {[%clk 0:23:35]} Ncd7
{[%clk 0:06:40]} 24. Nd4 {[%clk 0:18:02]} Ne5 {[%clk 0:05:17]} 25. f4
{[%clk 0:13:36]} Neg4 {[%clk 0:03:11]} 26. Nf3 {[%clk 0:13:35]} Rad8
{[%clk 0:02:55]} 27. Rb3 {[%clk 0:10:55]} Rd7 {[%clk 0:00:43]} 28. a4
{[%clk 0:10:15]} b6 {[%clk 0:00:34]} 29. a5 {[%clk 0:06:44]} bxa5
{[%clk 0:00:39]} 30. bxa5 {[%clk 0:07:12]} Rc7 {[%clk 0:00:44]} 31. Bd3
{[%clk 0:05:38]} Nh6 32. Rcb1 {[%clk 0:03:39]} Rhc8 {[%clk 0:00:57]} 33. Rb7
{[%clk 0:02:58]} Nf5 {[%clk 0:00:48]} 34. c5 {[%clk 0:02:07]} Ne3
{[%clk 0:01:10]} 35. Ne5 {[%clk 0:01:48]} Ke8 {[%clk 0:00:34]} 36. c6
{[%clk 0:01:24]} Ned5 {[%clk 0:00:37]} 37. Ba6 {[%clk 0:00:59]} Ne4
{[%clk 0:00:42]} 38. Rxa7 {[%clk 0:00:47]} Rxa7 {[%clk 0:00:35]} 39. Bxc8
{[%clk 0:01:10]} Rxa5 {[%clk 0:00:49]} 40. Bd7+ {[%clk 0:00:52]} Ke7
{[%clk 0:00:34]} 41. Rb7 {[%clk 0:00:33]} Kd6 {[%clk 0:00:32]} 42. Nxf7+
{[%clk 0:00:49]} Kc5 {[%clk 0:00:38]} 43. c7 {[%clk 0:00:52]} Ra1+
{[%clk 0:00:45]} 44. Kg2 {[%clk 0:01:19]} Ra2+ {[%clk 0:00:51]} 45. Kf3
{[%clk 0:01:18]} Nd2+ {[%clk 0:01:21]} 46. Kg4 {[%clk 0:01:29]} Nxc7
{[%clk 0:00:35]} 47. Rxc7+ {[%clk 0:01:54]} Kd4 1-0

[Event "Top 12 Feminin Groupe B"]
[Site "Juvisy sur Orge"]
[Date "2018.05.06"]
[Round "3.5"]
[White "Legrand, Claire"]
[Black "Paehtz, Elisabeth"]
[Result "0-1"]
[WhiteElo "1737"]
[BlackElo "2475"]
[PlyCount "58"]
[EventDate "2018.05.06"]

1. e4 {[%clk 1:29:30]} c5 {[%clk 1:30:54]} 2. Nf3 {[%clk 1:29:28]} d6
{[%clk 1:31:18]} 3. d4 {[%clk 1:29:41]} cxd4 {[%clk 1:31:43]} 4. Qxd4
{[%clk 1:29:39]} a6 {[%clk 1:30:06]} 5. c4 {[%clk 1:29:12]} Nc6 {[%clk 1:30:32]}
6. Qd2 {[%clk 1:29:10]} g6 {[%clk 1:29:50]} 7. b3 {[%clk 1:26:05]} Bg7
{[%clk 1:27:34]} 8. Bb2 {[%clk 1:25:11]} Bxb2 {[%clk 1:26:56]} 9. Qxb2
{[%clk 1:25:29]} Nf6 {[%clk 1:27:22]} 10. Nc3 {[%clk 1:22:56]} Bg4
{[%clk 1:25:18]} 11. Be2 {[%clk 1:18:23]} O-O {[%clk 1:21:31]} 12. Rd1
{[%clk 1:13:11]} Qa5 {[%clk 1:02:48]} 13. O-O {[%clk 1:11:21]} Rfc8
{[%clk 0:53:23]} 14. h3 {[%clk 1:05:03]} Bxf3 {[%clk 0:53:41]} 15. Bxf3
{[%clk 1:05:14]} Qe5 {[%clk 0:45:41]} 16. Qd2 e6 {[%clk 0:45:49]} 17. Na4
{[%clk 0:50:59]} Rd8 {[%clk 0:46:06]} 18. Rfe1 {[%clk 0:48:28]} b5
{[%clk 0:43:18]} 19. Nb2 {[%clk 0:45:34]} Rac8 {[%clk 0:38:36]} 20. Nd3
{[%clk 0:44:42]} Qd4 {[%clk 0:38:47]} 21. Qg5 {[%clk 0:42:47]} bxc4
{[%clk 0:36:21]} 22. bxc4 {[%clk 0:40:38]} Qc3 {[%clk 0:24:59]} 23. Re3
{[%clk 0:34:35]} Kg7 {[%clk 0:22:15]} 24. e5 dxe5 {[%clk 0:22:19]} 25. Bxc6
{[%clk 0:20:25]} Rxc6 {[%clk 0:20:43]} 26. Ne1 {[%clk 0:18:18]} Qxe3
{[%clk 0:20:39]} 27. Qxe3 {[%clk 0:16:15]} Rxd1 {[%clk 0:21:04]} 28. Qxe5
{[%clk 0:16:35]} Rxc4 {[%clk 0:21:16]} 29. Qe2 {[%clk 0:14:02]} Rcc1
{[%clk 0:21:41]} 0-1

[Event "Top 12 Feminin Groupe B"]
[Site "Juvisy sur Orge"]
[Date "2018.05.06"]
[Round "3.6"]
[White "Haussernot, Cecile"]
[Black "Legrand, Francoise"]
[Result "1-0"]
[WhiteElo "2189"]
[BlackElo "1520"]
[PlyCount "47"]
[EventDate "2018.05.06"]

1. e4 {[%clk 1:30:57]} d6 {[%clk 1:30:56]} 2. d4 {[%clk 1:31:24]} Nf6
{[%clk 1:31:13]} 3. Nc3 {[%clk 1:31:50]} Nbd7 {[%clk 1:31:25]} 4. g4
{[%clk 1:32:08]} h6 {[%clk 1:31:43]} 5. h3 {[%clk 1:32:07]} e5 {[%clk 1:29:23]}
6. Nf3 {[%clk 1:31:53]} c6 {[%clk 1:27:15]} 7. Be3 {[%clk 1:30:37]} Qc7
{[%clk 1:25:39]} 8. a4 {[%clk 1:30:37]} a5 {[%clk 1:25:52]} 9. Bc4
{[%clk 1:30:52]} Be7 {[%clk 1:26:05]} 10. Qd2 {[%clk 1:31:13]} exd4
{[%clk 1:15:53]} 11. Nxd4 {[%clk 1:28:30]} Ne5 {[%clk 1:15:47]} 12. Be2
{[%clk 1:28:52]} b6 {[%clk 1:13:28]} 13. f4 {[%clk 1:28:45]} Ng6 {[%clk 1:11:32]}
14. O-O-O {[%clk 1:28:17]} Bd7 {[%clk 1:08:54]} 15. Nf5 {[%clk 1:25:20]} Bxf5
{[%clk 1:07:42]} 16. exf5 {[%clk 1:25:36]} Nf8 {[%clk 1:07:14]} 17. g5
{[%clk 1:25:58]} hxg5 {[%clk 1:03:20]} 18. fxg5 {[%clk 1:26:23]} Nh5
{[%clk 1:03:00]} 19. Bxh5 {[%clk 1:19:15]} Rxh5 {[%clk 1:02:02]} 20. Qe2
{[%clk 1:19:37]} Rh8 {[%clk 1:00:17]} 21. f6 {[%clk 1:19:31]} gxf6
{[%clk 0:55:52]} 22. gxf6 {[%clk 1:19:50]} O-O-O {[%clk 0:55:58]} 23. Qa6+
{[%clk 1:20:00]} Kb8 24. Bxb6 1-0

[Event "Top 12 Feminin Groupe B"]
[Site "Juvisy sur Orge"]
[Date "2018.05.07"]
[Round "4.1"]
[White "Pauline, Guichard"]
[Black "Legrand, Claire"]
[Result "1-0"]
[WhiteElo "2303"]
[BlackElo "1737"]
[PlyCount "45"]
[EventDate "2018.05.07"]

1. c4 {[%clk 5:15:14]} e5 {[%clk 1:30:49]} 2. Nc3 {[%clk 1:31:10]} Nf6
{[%clk 1:30:57]} 3. g3 {[%clk 1:31:28]} d5 {[%clk 1:30:57]} 4. cxd5
{[%clk 1:31:42]} Nxd5 {[%clk 1:31:11]} 5. Bg2 {[%clk 1:31:58]} Nxc3
{[%clk 1:29:26]} 6. bxc3 Be7 {[%clk 1:26:18]} 7. Nf3 {[%clk 1:29:07]} Nc6
{[%clk 1:26:09]} 8. O-O {[%clk 1:27:59]} O-O {[%clk 1:25:27]} 9. d4
{[%clk 1:25:42]} exd4 {[%clk 1:20:25]} 10. cxd4 {[%clk 1:25:51]} Bf5
{[%clk 1:17:53]} 11. d5 {[%clk 1:14:09]} Bf6 {[%clk 1:11:27]} 12. dxc6
{[%clk 1:12:47]} Bxa1 {[%clk 1:06:34]} 13. cxb7 {[%clk 1:12:47]} Rb8
{[%clk 1:06:34]} 14. Ba3 {[%clk 1:12:47]} Bf6 {[%clk 1:06:34]} 15. Bxf8
{[%clk 1:12:47]} Kxf8 {[%clk 1:06:34]} 16. Nd2 {[%clk 1:12:47]} Be6
{[%clk 1:06:34]} 17. Nb3 {[%clk 1:12:47]} Qe7 {[%clk 1:06:34]} 18. Qc2
{[%clk 1:12:47]} g6 {[%clk 1:06:34]} 19. Nc5 {[%clk 1:12:47]} Qd6
{[%clk 1:06:34]} 20. Ne4 {[%clk 1:12:47]} Qe5 {[%clk 1:06:34]} 21. Nxf6
{[%clk 1:12:47]} Qxf6 {[%clk 1:06:34]} 22. Qxc7 {[%clk 1:12:47]} Qd8
{[%clk 1:06:34]} 23. Qe5 {[%clk 1:12:47]} 1-0